Sports Quiz

Random Sports or MLB Quiz

America's Most Powerful Athletes Quiz Stats

 Plays Quiz not verified by Sporcle

Score 0/10 Timer 03:00
0 Plays Today
Rank Athlete % Correct
1Tiger Woods
97.8%
2LeBron James
88.9%
7Michael Phelps
77.6%
10Lance Armstrong
75.2%
3Phil Mickelson
73%
9Shaquille O'Neal
49.1%
6Dwyane Wade
48.6%
4Albert Pujols
41.3%
8Adrian Peterson
23.1%
5Peyton Manning
16.2%

You're not logged in!

Compare scores with friends on all Sporcle quizzes.
OR
Log In

Show Comments

Extras

Top Quizzes Today


Score Distribution

Your Account Isn't Verified!

In order to create a playlist on Sporcle, you need to verify the email address you used during registration. Go to your Sporcle Settings to finish the process.

Report this User

Report this user for behavior that violates our Community Guidelines.

Details: